| 000 | 00679cab a2200229 4500 | ||
|---|---|---|---|
| 001 | WB3511-16 | ||
| 008 | 090401t1999 xxu||||| |||| 00| 0 eng d | ||
| 035 | _a(Sirsi) u92112 | ||
| 041 | _aeng | ||
| 245 | _aBritain`s airports face shake-up | ||
| 260 | _c1999 | ||
| 350 | _a0 | ||
| 490 |
_aSunday Times _v14 March 1999, B4(2) |
||
| 520 | _aLooks at the review of the airport sector outlined in the budget and considers how smaller companies could increase their acquisitions in the airport sector. | ||
| 650 | _aAIRPORTS | ||
| 650 | _aBAA | ||
| 650 | _aBUDGET 1999 | ||
| 650 | _aPRIVATE SECTOR | ||
| 690 | _aECONOMIC AND SOCIAL | ||
| 942 | _n0 | ||
| 948 | _c16/03/1999 | ||
| 999 |
_c58400 _d58400 |
||